থিয়েটার ও রাজনীতি / (Record no. 2638)

MARC details
000 -LEADER
fixed length control field 00871nam a22002297a 4500
003 - CONTROL NUMBER IDENTIFIER
control field BD-DhJNU
005 - DATE AND TIME OF LATEST TRANSACTION
control field 20260219043146.0
008 - FIXED-LENGTH DATA ELEMENTS--GENERAL INFORMATION
fixed length control field 260219b |||||||| |||| 00| 0 eng d
020 ## - INTERNATIONAL STANDARD BOOK NUMBER
International Standard Book Number 8187624590
040 ## - CATALOGING SOURCE
Original cataloging agency BD-DhJNU
Language of cataloging ENG
Transcribing agency BD-DhJNU
Modifying agency BD-DhJNU
082 ## - DEWEY DECIMAL CLASSIFICATION NUMBER
Edition number 23
Classification number 792.01 MUT
100 ## - MAIN ENTRY--PERSONAL NAME
Personal name মুখোপাধ্যায়, কুন্তল
242 ## - TRANSLATION OF TITLE BY CATALOGING AGENCY
Title Theater and politics /
Statement of responsibility, etc. Kuntal Mukhopadhyay
245 ## - TITLE STATEMENT
Title থিয়েটার ও রাজনীতি /
Statement of responsibility, etc. কুন্তল মুখোপাধ্যায়
246 ## - VARYING FORM OF TITLE
Title proper/short title Theater o rajniti /
250 ## - EDITION STATEMENT
Edition statement 2nd ed.
260 ## - PUBLICATION, DISTRIBUTION, ETC.
Place of publication, distribution, etc. কলকাতা :
Name of publisher, distributor, etc. নাট্য চিন্তা,
Date of publication, distribution, etc. 2013.
300 ## - PHYSICAL DESCRIPTION
Extent ২৬৯. :
Other physical details চিত্র ;
Dimensions ২২ সেমি.।
650 ## - SUBJECT ADDED ENTRY--TOPICAL TERM
Topical term or geographic name entry element থিয়েটার ও রাজনীতি
650 ## - SUBJECT ADDED ENTRY--TOPICAL TERM
Topical term or geographic name entry element Theatre and Politics
942 ## - ADDED ENTRY ELEMENTS (KOHA)
Source of classification or shelving scheme Dewey Decimal Classification
Koha item type Books
Suppress in OPAC No
Holdings
Withdrawn status Lost status Source of classification or shelving scheme Damaged status Not for loan Collection Home library Current library Shelving location Date acquired Source of acquisition Total checkouts Full call number Barcode Date last seen Copy number Price effective from Koha item type
    Dewey Decimal Classification     Non-fiction Jagannath University Central Library Jagannath University Central Library General stacks 02/19/2026 Purchased   792.01 MUT JNUCL36169 02/19/2026 1 02/19/2026 Books